Statistiques concernant Culture Générale - Série 147

Cliquez ici pour prendre le quiz!

Statistiques générales

  • Ce quiz a été pris 257 fois
  • Le résultat moyen est 6 sur 10

Statistiques - réponses

QuestionRéponse% Correct
Quelle couleur couvre les deux tiers du drapeau autrichien ?Rouge
97%
Quel instrument d'écolier a la forme d'un triangle rectangle ?Equerre
92%
Que désigne le premier chiffre de notre numéro de Sécurité sociale ?Sexe
90%
Quelle ville a vu naitre le comique Patrick Bosso ?Marseille
70%
Quel signe rehausse d'un demi-ton la note qu'il précède ?Dièse
67%
Comment s'appelle le père Ingalls dans "La Petite Maison dans la prairie" ?Charles
63%
Quel sport Jacques Lafitte a-t-il pratiqué en professionnel de 74 à 86 ?Formule 1
54%
A quel duo doit-on la chanson "Hey oh" en 2003 ?Tragédie
36%
Dans quelle catégorie Georges Delerue a-t-il remporté 3 césars et 1 oscar ?Musique de film
18%
Quelle sonnerie de trompe annonce que le cerf est aux abois ?L'hallali
17%

Distribution des résultats

Percentile par nombre de réponses

% des personnes avec chaque résultat

Votre développement - résultats

Vous n’avez pas pris ce quiz